[Event "Pan American-ch School U17 Girls 12th"]
[Site "Callao"]
[Date "2023.10.19"]
[Round "7"]
[White "Jimenez Salas, Maria Teresa"]
[Black "Guerrero Caicedo, Arlette Sabina"]
[Result "1-0"]
[WhiteElo "1886"]
[BlackElo "1673"]
[PlyCount "55"]
[EventDate "2023.10.16"]
[EventType "swiss"]
[EventRounds "9"]
[EventCountry "PER"]
[SourceTitle "Mega2024 Update 01"]
[Source "Chessbase"]
[SourceDate "2023.11.12"]
[SourceVersion "1"]
[SourceVersionDate "2023.11.12"]
[SourceQuality "1"]

1. e4 e6 2. d4 d5 3. Nc3 dxe4 4. Nxe4 Bd7 5. Nf3 Bc6 6. Bd3 Nd7 7. Qe2 Ngf6 8. Bg5 Be7 9. Nxf6+ Nxf6 10. 0-0 0-0 11. Rad1 b6 12. Ne5 Bb7 13. c4 h6 14. Bh4 Nd7 15. Bg3 Bd6 16. Bc2 Qe8 17. Ba4 Bxe5 18. dxe5 Rd8 19. Bh4 g5 20. Qg4 Qe7 21. f4 Qc5+ 22. Bf2 Qe7 23. Bxd7 Rxd7 24. Rxd7 Qxd7 25. fxg5 Kh8 26. Qh3 Qc6 27. Be3 Qe4 28. g6 1-0

[Event "American Continental (Women)"]
[Site "Cuenca"]
[Date "2022.12.09"]
[Round "8"]
[White "Guerrero Caicedo, Arlette Sabina"]
[Black "Gonzalez Peguero, Mary Loly"]
[Result "1-0"]
[WhiteElo "1628"]
[BlackElo "1685"]
[PlyCount "98"]
[EventDate "2022.12.05"]
[EventType "swiss"]
[EventRounds "9"]
[EventCountry "ECU"]
[SourceTitle "CBM 211 Extra"]
[Source "ChessBase"]
[SourceDate "2023.01.31"]
[SourceVersion "1"]
[SourceVersionDate "2023.01.31"]
[SourceQuality "1"]

1. d4 Nf6 2. Nf3 g6 3. g3 Bg7 4. Bg2 d6 5. 0-0 0-0 6. c4 c6 7. Nc3 Nbd7 8. b3 c5 9. Bb2 a6 10. Qc2 cxd4 11. Nxd4 Nc5 12. e4 Qc7 13. Rfe1 Ng4 14. Nd5 Qd8 15. Rad1 e6 16. Nc3 Qb6 17. h3 Ne5 18. Nf3 Bd7 19. Nxe5 Bxe5 20. Ne2 Bxb2 21. Qxb2 Rfe8 22. Nd4 e5 23. Ne2 Be6 24. Qd2 Qc6 25. Nc3 Qd7 26. Kh2 b5 27. cxb5 axb5 28. Bf1 b4 29. Nd5 Bxd5 30. exd5 Qa7 31. Re2 Qb6 32. Bg2 f5 33. Qg5 Qc7 34. f4 e4 35. g4 Qg7 36. gxf5 gxf5 37. Qxf5 Rf8 38. Qg5 Ra7 39. Bxe4 Qxg5 40. fxg5 Nxe4 41. Rxe4 Rxa2+ 42. Kg3 Raf2 43. Rd3 Rf1 44. Rxb4 Rg1+ 45. Kh4 Kg7 46. Kh5 Rf7 47. Rb8 h6 48. h4 Kh7 49. g6+ Rxg6 1-0

[Event "American Continental (Women)"]
[Site "Cuenca"]
[Date "2022.12.08"]
[Round "5"]
[White "Guerrero Caicedo, Arlette Sabina"]
[Black "Zhingri Dutan, Mabel Carolina"]
[Result "1-0"]
[WhiteElo "1628"]
[BlackElo "1304"]
[PlyCount "103"]
[EventDate "2022.12.05"]
[EventType "swiss"]
[EventRounds "9"]
[EventCountry "ECU"]
[SourceTitle "CBM 211 Extra"]
[Source "ChessBase"]
[SourceDate "2023.01.31"]
[SourceVersion "1"]
[SourceVersionDate "2023.01.31"]
[SourceQuality "1"]

1. d4 d5 2. g3 Nf6 3. Bg2 g6 4. Nf3 Bg7 5. 0-0 0-0 6. c4 c6 7. cxd5 cxd5 8. Nc3 Nc6 9. Ne5 e6 10. Nxc6 bxc6 11. Na4 Nd7 12. Bf4 Qe7 13. Rc1 g5 14. Bc7 Bb7 15. Qb3 Ba6 16. Rfe1 Bc4 17. Qe3 Rfc8 18. Ba5 Bxa2 19. Qd2 Rab8 20. Nc5 Nxc5 21. Rxc5 Bc4 22. Bb4 Qb7 23. Bc3 h6 24. Ra5 Bf8 25. Qe3 a6 26. f4 Qe7 27. Qf3 gxf4 28. gxf4 Qh4 29. Rf1 Bd6 30. Be1 Qf6 31. Bc3 Kh7 32. Rf2 Bb4 33. Bxb4 Rxb4 34. Qc3 Rb3 35. Qc2+ Kh8 36. f5 e5 37. dxe5 Qxe5 38. Qxc4 dxc4 39. Rxe5 Rxb2 40. Rc5 c3 41. Rxc3 c5 42. f6 Rb1+ 43. Rf1 Rb4 44. Rf5 Kh7 45. Rg3 Rg8 46. Rxg8 Kxg8 47. Rxc5 Rf4 48. Rc6 a5 49. e3 Rb4 50. Ra6 Ra4 51. Bh3 h5 52. Bf5 1-0

[Event "Pan American-ch U20 Girls"]
[Site "Pereira"]
[Date "2022.08.27"]
[Round "8"]
[White "Guerrero Caicedo, Arlette Sabina"]
[Black "Montano, Vicente Guadalupe"]
[Result "1-0"]
[WhiteElo "1531"]
[BlackElo "1644"]
[PlyCount "73"]
[EventDate "2022.08.23"]
[EventType "swiss"]
[EventRounds "9"]
[EventCountry "COL"]
[SourceTitle "CBM 210 Extra"]
[Source "ChessBase"]
[SourceDate "2022.11.30"]
[SourceVersion "1"]
[SourceVersionDate "2022.11.30"]
[SourceQuality "1"]

1. d4 Nf6 2. Nf3 g6 3. g3 Bg7 4. c4 0-0 5. Bg2 d5 6. cxd5 Nxd5 7. e4 Nb6 8. Nc3 Nc6 9. d5 Nb4 10. 0-0 f5 11. Qb3 Nd3 12. d6+ Kh8 13. Ng5 Ne5 14. dxc7 Qxc7 15. Ne6 Bxe6 16. Qxe6 Qd7 17. Qxd7 Nexd7 18. exf5 gxf5 19. Nd5 Nxd5 20. Bxd5 Nc5 21. Be3 Rfd8 22. Rad1 Na4 23. Bxb7 Nxb2 24. Rc1 Rab8 25. Rc7 Re8 26. Bxa7 Rbd8 27. Bc6 Rc8 28. Rxc8 Rxc8 29. Bd5 Bf6 30. Be3 Rd8 31. Be6 Ra8 32. Rc1 Nd3 33. Rc8+ Rxc8 34. Bxc8 Nb4 35. a4 Nc2 36. Bb6 f4 37. a5 1-0

[Event "Pan American-ch U20 Girls"]
[Site "Pereira"]
[Date "2022.08.24"]
[Round "4"]
[White "Guerrero Caicedo, Arlette Sabina"]
[Black "Mercado Maestre, Maria Angel"]
[Result "1-0"]
[WhiteElo "1531"]
[BlackElo "1310"]
[PlyCount "61"]
[EventDate "2022.08.23"]
[EventType "swiss"]
[EventRounds "9"]
[EventCountry "COL"]
[SourceTitle "CBM 210 Extra"]
[Source "ChessBase"]
[SourceDate "2022.11.30"]
[SourceVersion "1"]
[SourceVersionDate "2022.11.30"]
[SourceQuality "1"]

1. d4 d5 2. Nf3 e6 3. g3 b5 4. e3 a6 5. a4 b4 6. Nbd2 Nf6 7. Bg2 Bb7 8. 0-0 c5 9. dxc5 Bxc5 10. Nd4 0-0 11. c4 bxc3 12. bxc3 Nbd7 13. N2b3 Qc7 14. Nxc5 Nxc5 15. Ba3 Rfc8 16. Rb1 Rab8 17. Qc2 Ba8 18. Rxb8 Rxb8 19. c4 Rc8 20. Rc1 Nfd7 21. cxd5 exd5 22. Bh3 Ne6 23. Qxc7 Rxc7 24. Rxc7 Nxc7 25. Bxd7 g6 26. Bd6 Ne6 27. Nxe6 fxe6 28. Bxe6+ Kg7 29. Be5+ Kf8 30. Bc8 a5 31. Bd7 1-0

[Event "South America-ch U16 Girls 17th"]
[Site "Guayaquil"]
[Date "2022.01.28"]
[Round "6"]
[White "Salazar Becerra, Fely Gabriela"]
[Black "Guerrero Caicedo, Arlette Sabina"]
[Result "0-1"]
[WhiteElo "1257"]
[BlackElo "1487"]
[PlyCount "42"]
[EventDate "2022.01.25"]
[EventType "swiss"]
[EventRounds "9"]
[EventCountry "ECU"]
[SourceTitle "CBM 206 Extra"]
[Source "ChessBase"]
[SourceDate "2022.03.31"]
[SourceVersion "1"]
[SourceVersionDate "2022.03.31"]
[SourceQuality "1"]

1. c4 e6 2. e4 d5 3. cxd5 exd5 4. e5 c5 5. d4 c4 6. Nc3 Nc6 7. g3 Nge7 8. Bg2 Nb4 9. Qa4+ Nec6 10. Bf1 Bf5 11. Bh3 Nc2+ 12. Kf1 Bd3+ 13. Kg2 Nxa1 14. Nf3 Nc2 15. Bg5 Be7 16. Bxe7 Qxe7 17. Qb5 Kf8 18. e6 Qb4 19. Qa4 Ne3+ 20. fxe3 Qxb2+ 21. Kg1 Qxc3 0-1

[Event "ECU-ch (Women)"]
[Site "Salinas"]
[Date "2021.12.18"]
[Round "6"]
[White "Guerrero Caicedo, Arlette Sabina"]
[Black "Pincay Coloma, Renata Alejandra"]
[Result "0-1"]
[WhiteElo "1472"]
[BlackElo "1614"]
[PlyCount "64"]
[EventDate "2021.12.16"]
[EventType "swiss"]
[EventRounds "7"]
[EventCountry "ECU"]
[SourceTitle "EXT 2023"]
[Source "ChessBase"]
[SourceDate "2022.10.05"]
[SourceVersion "1"]
[SourceVersionDate "2022.10.05"]
[SourceQuality "1"]

1. e4 Nf6 2. e5 Nd5 3. d4 d6 4. c4 Nb6 5. exd6 cxd6 6. Nf3 g6 7. Bd3 Bg7 8. h3 Nc6 9. Be3 0-0 10. Nc3 d5 11. c5 Nc4 12. Bxc4 dxc4 13. a3 Bf5 14. d5 Na5 15. Bd4 Bd3 16. Bxg7 Kxg7 17. Nd2 Rc8 18. Qa4 Qc7 19. Nce4 Bxe4 20. Nxe4 Qe5 21. 0-0 Qxe4 22. Qxa5 Qxd5 23. Qxa7 Rxc5 24. Rfe1 e6 25. Qa4 Rfc8 26. Rad1 Qc6 27. Qxc6 R8xc6 28. Rd7 Rb6 29. Re2 Rb3 30. Kf1 b5 31. Rb7 Rd5 32. Ke1 c3 0-1

[Event "ECU-ch (Women)"]
[Site "Salinas"]
[Date "2021.12.16"]
[Round "1"]
[White "Guerrero Caicedo, Arlette Sabina"]
[Black "Penafiel Mendoza, Josselyne Stefania"]
[Result "1/2-1/2"]
[WhiteElo "1472"]
[BlackElo "1757"]
[PlyCount "62"]
[EventDate "2021.12.16"]
[EventType "swiss"]
[EventRounds "7"]
[EventCountry "ECU"]
[SourceTitle "EXT 2023"]
[Source "ChessBase"]
[SourceDate "2022.10.05"]
[SourceVersion "1"]
[SourceVersionDate "2022.10.05"]
[SourceQuality "1"]

1. e4 c5 2. Nf3 d6 3. Bb5+ Nd7 4. 0-0 a6 5. Bxd7+ Bxd7 6. d4 cxd4 7. Nxd4 Nf6 8. Re1 Qc7 9. Nd2 e5 10. N4f3 b5 11. c3 g6 12. Nf1 Bg7 13. Ng3 Bc6 14. Bg5 0-0 15. Qd2 Rfe8 16. Rad1 Rad8 17. Bxf6 Bxf6 18. Qh6 Bg7 19. Qh4 Qe7 20. Qxe7 Rxe7 21. Re2 Red7 22. Nf1 f6 23. Ne1 Bh6 24. Nc2 a5 25. f3 d5 26. exd5 Bxd5 27. b3 Be6 28. Rxd7 Rxd7 29. Nce3 Rc7 30. Rc2 f5 31. c4 f4 1/2-1/2

[Event "Preinscritos IRT Online"]
[Site "Chess.com INT"]
[Date "2020.12.26"]
[Round "1"]
[White "Guerrero Caicedo, Arlette Sabina"]
[Black "Sanchez Velez, Alex Leonardo"]
[Result "1-0"]
[WhiteElo "1926"]
[BlackElo "1290"]
[PlyCount "55"]
[EventDate "2020.12.26"]
[EventType "swiss"]
[EventRounds "11"]
[EventCountry "ECU"]
[SourceTitle "CBM 200 Extra"]
[Source "ChessBase"]
[SourceDate "2021.03.31"]
[SourceVersion "1"]
[SourceVersionDate "2021.03.31"]
[SourceQuality "1"]

1. c4 Nf6 2. Nc3 g6 3. g3 Bg7 4. Bg2 0-0 5. e3 d6 6. Nge2 Bd7 7. 0-0 e5 8. d4 exd4 9. exd4 Bc6 10. d5 Bd7 11. b3 c6 12. dxc6 Bxc6 13. Bb2 Bxg2 14. Kxg2 Qc7 15. Nb5 Qc6+ 16. Kg1 Ng4 17. Bxg7 Kxg7 18. Qxd6 Qxd6 19. Nxd6 Nc6 20. Nxb7 Rab8 21. Nd6 Rbd8 22. Nb5 Rfe8 23. Nf4 Nd4 24. Nxd4 Rxd4 25. h3 Ne5 26. Kg2 Nd3 27. Nxd3 Rxd3 28. Rad1 1-0

[Event "Preinscritos IRT Online"]
[Site "Chess.com INT"]
[Date "2020.12.26"]
[Round "3"]
[White "Pauta Cuenca, Luis Mateo"]
[Black "Guerrero Caicedo, Arlette Sabina"]
[Result "0-1"]
[WhiteElo "1578"]
[BlackElo "1926"]
[PlyCount "82"]
[EventDate "2020.12.26"]
[EventType "swiss"]
[EventRounds "11"]
[EventCountry "ECU"]
[SourceTitle "CBM 200 Extra"]
[Source "ChessBase"]
[SourceDate "2021.03.31"]
[SourceVersion "1"]
[SourceVersionDate "2021.03.31"]
[SourceQuality "1"]

1. e4 d5 2. exd5 Nf6 3. d6 Qxd6 4. Nf3 Bf5 5. Nc3 e6 6. d4 Be7 7. g3 0-0 8. Bf4 Qd7 9. Bg2 c6 10. 0-0 Qd8 11. Qd2 h6 12. Nh4 Bh7 13. Be3 Nbd7 14. f4 Nd5 15. Nxd5 cxd5 16. Nf3 Nf6 17. Ne5 Ne4 18. Qc1 Rc8 19. c3 b5 20. g4 b4 21. Bxe4 Bxe4 22. f5 exf5 23. gxf5 Bf6 24. Rf4 Qc7 25. Rg4 Bxf5 26. Rg2 Bxe5 27. dxe5 Bg6 28. e6 bxc3 29. exf7+ Qxf7 30. bxc3 Kh7 31. Qd2 Be4 32. Rg3 Bg6 33. Bd4 Rce8 34. Re1 Rxe1+ 35. Qxe1 Qf5 36. Qf2 Qb1+ 37. Kg2 Rxf2+ 38. Bxf2 Be4+ 39. Kh3 Qf1+ 40. Kg4 Qxf2 41. h4 Qf5# 0-1

[Event "ECU-ch Schools U15 Clas2"]
[Site "Chess.com INT"]
[Date "2020.11.07"]
[Round "8"]
[White "Garzon Zapatanga, Christopher Leonel"]
[Black "Guerrero Caicedo, Arlette Sabina"]
[Result "1/2-1/2"]
[WhiteElo "1697"]
[BlackElo "1360"]
[PlyCount "116"]
[EventDate "2020.11.07"]
[EventType "swiss"]
[EventRounds "9"]
[EventCountry "ECU"]
[SourceTitle "EXT 2022"]
[Source "ChessBase"]
[SourceDate "2021.10.06"]
[SourceVersion "1"]
[SourceVersionDate "2021.10.06"]
[SourceQuality "1"]

1. e4 d5 2. exd5 Qxd5 3. Nf3 Nf6 4. d4 Bf5 5. c4 Qd8 6. Nc3 e6 7. Be2 Be7 8. Be3 h6 9. 0-0 c6 10. Qd2 0-0 11. Rfd1 Ne4 12. Nxe4 Bxe4 13. Ne5 Nd7 14. f4 Nf6 15. Bd3 Qc7 16. Qc2 Bxd3 17. Qxd3 Rfd8 18. Qe2 Rab8 19. Rac1 c5 20. dxc5 Bxc5 21. h3 Rbc8 22. Kh2 Bxe3 23. Qxe3 b6 24. b3 Nd7 25. Nf3 Nc5 26. g3 Rxd1 27. Rxd1 Rd8 28. Rd4 Rxd4 29. Qxd4 Qd7 30. Qxd7 Nxd7 31. Kg2 Kf8 32. Kf2 Ke7 33. Ke3 Kd6 34. Kd4 f6 35. b4 a5 36. a3 axb4 37. axb4 g5 38. Nd2 gxf4 39. gxf4 e5+ 40. fxe5+ Nxe5 41. Ne4+ Ke6 42. c5 bxc5+ 43. Nxc5+ Kd6 44. Ne4+ Ke6 45. b5 f5 46. Nc5+ Kd6 47. b6 Nc6+ 48. Kc4 f4 49. Kb5 f3 50. b7 Kc7 51. Ne4 Kxb7 52. Kc4 Kc7 53. Kd3 Kd7 54. Ke3 Ne5 55. Nd2 Ke6 56. Nxf3 Nxf3 57. Kxf3 Kf5 58. Kg3 Kg5 1/2-1/2

[Event "ECU-ch Schools U15 Girls Clas1"]
[Site "Chess.com INT"]
[Date "2020.11.05"]
[Round "9"]
[White "Echeverria, Maria Cristina"]
[Black "Guerrero Caicedo, Arlette Sabina"]
[Result "0-1"]
[WhiteElo "1155"]
[BlackElo "1360"]
[PlyCount "112"]
[EventDate "2020.11.05"]
[EventType "swiss"]
[EventRounds "9"]
[EventCountry "ECU"]
[SourceTitle "EXT 2022"]
[Source "ChessBase"]
[SourceDate "2021.10.06"]
[SourceVersion "1"]
[SourceVersionDate "2021.10.06"]
[SourceQuality "1"]

1. e4 d5 2. exd5 Qxd5 3. Nf3 Nf6 4. Nc3 Qd8 5. d4 Bf5 6. Bb5+ c6 7. Bd3 Bxd3 8. Qxd3 e6 9. Bg5 Be7 10. 0-0 0-0 11. Bxf6 Bxf6 12. Rad1 Nd7 13. Qe4 Be7 14. Ne2 Nf6 15. Qf4 Rc8 16. Ne5 Nd5 17. Qg3 Bd6 18. Nf4 Nxf4 19. Qxf4 f6 20. Qg4 Qe7 21. Nf3 c5 22. dxc5 Rxc5 23. Nd4 f5 24. Qe2 e5 25. Nb3 Rcc8 26. Qd3 Bc5 27. Qd5+ Kh8 28. Rfe1 e4 29. Nxc5 Qxc5 30. Qxc5 Rxc5 31. c3 g6 32. Rd7 Re8 33. Rxb7 Ra5 34. a3 Rd8 35. h3 Rd2 36. f3 Re5 37. Rxa7 Rxb2 38. Rd1 Re8 39. Rdd7 e3 40. Rxh7+ Kg8 41. Rag7+ Kf8 42. Rf7+ Kg8 43. Rhg7+ Kh8 44. Re7 Rb1+ 45. Kh2 Rxe7 46. Rxe7 Re1 47. Kg3 Kg8 48. f4 Kf8 49. Re5 e2 50. Kf2 Rc1 51. Rxe2 Rxc3 52. Ra2 Rb3 53. a4 Ke7 54. a5 Rb7 55. a6 Ra7 56. Ke3 Kd6 0-1